[Event "Mediterranean-ch 10th"]
[Site "Beirut"]
[Date "2015.10.24"]
[Round "8"]
[White "Kuntz, Pierre"]
[Black "Zenaidi, Kais"]
[Result "1/2-1/2"]
[WhiteElo "2205"]
[BlackElo "1888"]
[PlyCount "86"]
[EventDate "2015.10.16"]
[EventType "swiss"]
[EventRounds "9"]
[EventCountry "LBN"]
[SourceTitle "EXT 2018"]
[Source "ChessBase"]
[SourceDate "2017.10.13"]
[SourceVersion "1"]
[SourceVersionDate "2017.10.13"]
[SourceQuality "1"]

1. a3 c5 2. Nf3 Nc6 3. d4 cxd4 4. Nxd4 e5 5. Nxc6 bxc6 6. e4 Nf6 7. Nc3 d5 8. exd5 cxd5 9. Bg5 d4 10. Bb5+ Bd7 11. Bxd7+ Qxd7 12. Bxf6 gxf6 13. Qf3 Rd8 14. Ne4 Qe6 15. Nxf6+ Ke7 16. Ne4 f5 17. Ng3 Kf6 18. 0-0 e4 19. Nh5+ Kf7 20. Qh3 Bg7 21. Ng3 Rd5 22. Ne2 Be5 23. Qh5+ Qg6 24. Qxg6+ hxg6 25. g3 g5 26. f4 gxf4 27. Nxf4 Rc5 28. c3 dxc3 29. bxc3 Rd8 30. Ne2 Ke6 31. Rfd1 Rd3 32. Rxd3 exd3 33. Nd4+ Bxd4+ 34. cxd4 Rc3 35. Kf2 Kd5 36. Ke3 Kc4 37. Rf1 Rc2 38. Rxf5 Re2+ 39. Kf3 Rxh2 40. Rc5+ Kxd4 41. Rc7 a5 42. Ra7 Kc4 43. g4 Kc3 1/2-1/2

[Event "Olympiad-35"]
[Site "Bled"]
[Date "2002.11.05"]
[Round "10.1"]
[White "Kuntz, Pierre"]
[Black "Mannhart, Marcel"]
[Result "1/2-1/2"]
[WhiteElo "2200"]
[BlackElo "2183"]
[PlyCount "72"]
[EventDate "2002.10.26"]
[EventType "team-swiss"]
[EventRounds "14"]
[EventCountry "SLO"]
[SourceTitle "EXT 2003"]
[Source "ChessBase"]
[SourceDate "2002.11.25"]
[SourceVersion "1"]
[SourceVersionDate "2002.11.25"]
[SourceQuality "1"]
[WhiteTeam "Monaco"]
[BlackTeam "Liechtenstein"]
[WhiteTeamCountry "MNC"]
[BlackTeamCountry "LIE"]

1. e4 g6 2. d4 Bg7 3. Nc3 c6 4. Be3 d5 5. Qd2 Nf6 6. e5 Ng4 7. Bf4 f6 8. Nf3 fxe5 9. dxe5 Nd7 10. h4 Ndxe5 11. Nxe5 Nxe5 12. h5 Nf7 13. hxg6 hxg6 14. Rxh8+ Bxh8 15. 0-0-0 e5 16. Bg3 Be6 17. Bd3 Qf6 18. f3 Bg7 19. Qf2 Bf5 20. Bh4 g5 21. Bxf5 Qxf5 22. Bg3 Bf6 23. Re1 b6 24. Nd1 0-0-0 25. Ne3 Qg6 26. Ng4 Re8 27. Qd2 Kb7 28. c4 d4 29. c5 Bg7 30. Nf2 Rd8 31. Ne4 Qe6 32. Kb1 Bh6 33. Qb4 Bf8 34. Qd2 Bh6 35. Qb4 Bf8 36. Qd2 Bh6 1/2-1/2

[Event "Olympiad-35"]
[Site "Bled"]
[Date "2002.10.28"]
[Round "3.1"]
[White "Kulashko, Aleksei"]
[Black "Kuntz, Pierre"]
[Result "1/2-1/2"]
[WhiteElo "2400"]
[BlackElo "2200"]
[PlyCount "56"]
[EventDate "2002.10.26"]
[EventType "team-swiss"]
[EventRounds "14"]
[EventCountry "SLO"]
[SourceTitle "EXT 2003"]
[Source "ChessBase"]
[SourceDate "2002.11.25"]
[SourceVersion "1"]
[SourceVersionDate "2002.11.25"]
[SourceQuality "1"]
[WhiteTeam "New Zealand"]
[BlackTeam "Monaco"]
[WhiteTeamCountry "NZL"]
[BlackTeamCountry "MNC"]

1. Nf3 Nf6 2. b3 c5 3. Bb2 e6 4. e3 Nc6 5. Bb5 Be7 6. 0-0 0-0 7. d4 b6 8. Nbd2 cxd4 9. exd4 Bb7 10. Ne5 Qc7 11. a3 d6 12. Ng4 Nb8 13. Nxf6+ Bxf6 14. Bd3 g6 15. Qg4 Bg7 16. Rae1 Nd7 17. Nf3 e5 18. Ng5 h6 19. Nh3 Nf6 20. Qd1 e4 21. Be2 Bc8 22. Nf4 d5 23. Bc1 g5 24. Nh5 Nxh5 25. Bxh5 Ba6 26. Be2 Bxe2 27. Rxe2 Qc3 28. Qd2 Qxd2 1/2-1/2

[Event "FRA-chT2"]
[Site "France"]
[Date "2001.12.09"]
[Round "4"]
[White "Ricou, Pierre"]
[Black "Kuntz, Pierre"]
[Result "1-0"]
[WhiteElo "2267"]
[BlackElo "2207"]
[PlyCount "70"]
[EventDate "2002.??.??"]
[EventType "team"]
[EventRounds "11"]
[EventCountry "FRA"]
[SourceTitle "EXT 2003"]
[Source "ChessBase"]
[SourceDate "2002.11.25"]
[SourceVersion "1"]
[SourceVersionDate "2002.11.25"]
[SourceQuality "1"]

1. e4 d5 2. exd5 Nf6 3. d4 Nxd5 4. c4 Nb6 5. Nf3 g6 6. Nc3 Bg7 7. Be3 0-0 8. Be2 Nc6 9. Qd2 Bg4 10. c5 Bxf3 11. Bxf3 Nc4 12. Qe2 N4a5 13. d5 Nd4 14. Bxd4 Bxd4 15. Rd1 Bxc3+ 16. bxc3 Rb8 17. h4 e6 18. dxe6 Qf6 19. exf7+ Kxf7 20. 0-0 Rbd8 21. h5 Qxc3 22. Bd5+ Kg7 23. Qe7+ Kh6 24. hxg6 hxg6 25. Qh4+ Kg7 26. Qe7+ Kh6 27. Bg8 Rxg8 28. Rxd8 Rxd8 29. Qxd8 Nc6 30. Qxc7 Nd4 31. Qf4+ Kg7 32. Qe5+ Kh7 33. Re1 Kh6 34. Qh8+ Kg5 35. Re5+ Kf4 1-0

[Event "FRA-chT3"]
[Site "France"]
[Date "2001.??.??"]
[Round "9"]
[White "Giry, Jean Marc"]
[Black "Kuntz, Pierre"]
[Result "1/2-1/2"]
[WhiteElo "2010"]
[BlackElo "2210"]
[PlyCount "40"]
[EventDate "2001.??.??"]
[EventType "team"]
[EventRounds "9"]
[EventCountry "FRA"]
[SourceTitle "EXT 2003"]
[Source "ChessBase"]
[SourceDate "2002.11.25"]
[SourceVersion "1"]
[SourceVersionDate "2002.11.25"]
[SourceQuality "1"]

1. c4 e5 2. g3 g6 3. Bg2 Bg7 4. Nc3 Ne7 5. d3 0-0 6. Nf3 c6 7. Rb1 d5 8. cxd5 cxd5 9. 0-0 Nbc6 10. e4 dxe4 11. dxe4 Be6 12. b3 h6 13. Ba3 Qa5 14. Bb2 Nd8 15. Qe2 a6 16. Na4 Qb5 17. Qxb5 axb5 18. Nc5 Bc8 19. a4 bxa4 20. Nxa4 Rb8 1/2-1/2

[Event "FRA-chT3"]
[Site "France"]
[Date "2001.??.??"]
[Round "8"]
[White "Kuntz, Pierre"]
[Black "Mondy, Marcel"]
[Result "1-0"]
[WhiteElo "2210"]
[BlackElo "1780"]
[PlyCount "43"]
[EventDate "2001.??.??"]
[EventType "team"]
[EventRounds "9"]
[EventCountry "FRA"]
[SourceTitle "EXT 2003"]
[Source "ChessBase"]
[SourceDate "2002.11.25"]
[SourceVersion "1"]
[SourceVersionDate "2002.11.25"]
[SourceQuality "1"]

1. e4 e6 2. d4 d5 3. Nc3 Bb4 4. Bd2 c5 5. a3 Bxc3 6. Bxc3 dxe4 7. dxc5 Qxd1+ 8. Rxd1 Nf6 9. Ne2 b6 10. Ng3 Bb7 11. Bb5+ Ke7 12. cxb6 Nc6 13. bxa7 Rxa7 14. 0-0 h5 15. Rfe1 e3 16. Rxe3 Rd8 17. Rxd8 Kxd8 18. Bxf6+ gxf6 19. Ne4 Ke7 20. Rc3 f5 21. Ng3 h4 22. Nxf5+ 1-0

[Event "Orense op 9th"]
[Site "Orense"]
[Date "2000.07.15"]
[Round "8"]
[White "Kuntz, Pierre"]
[Black "Fernandez Saavedra, Jose Luis"]
[Result "1-0"]
[WhiteElo "2201"]
[BlackElo "2095"]
[PlyCount "101"]
[EventDate "2000.07.08"]
[EventType "swiss"]
[EventRounds "9"]
[EventCountry "ESP"]
[SourceTitle "EXT 2001"]
[Source "ChessBase"]
[SourceDate "2000.11.22"]
[SourceVersion "1"]
[SourceVersionDate "2000.11.22"]
[SourceQuality "1"]

1. e4 e5 2. Nf3 Nc6 3. d4 exd4 4. Bc4 Bc5 5. c3 Nf6 6. 0-0 Nxe4 7. cxd4 d5 8. dxc5 dxc4 9. Qe2 Qe7 10. Qxc4 Nxc5 11. b4 Ne6 12. b5 Qb4 13. Qe2 Ncd4 14. Nxd4 Qxd4 15. Bb2 Qd5 16. Bxg7 Rg8 17. Qe5 Qd3 18. Bf6 b6 19. Qe3 Qf5 20. Bh4 Bb7 21. f3 Qh3 22. Bg3 Qf5 23. Nc3 0-0-0 24. Rad1 Qg6 25. Rxd8+ Rxd8 26. Rf2 Rd3 27. Qe5 Qg8 28. Rc2 Qd8 29. h3 Qd4+ 30. Kh2 Rd2 31. Rxd2 Qxd2 32. Ne4 Bxe4 33. Qxe4 Qxa2 34. Qxh7 Nc5 35. Qh8+ Kb7 36. Qe5 Ne6 37. Qe4+ Kb8 38. Qc6 Qd2 39. Qe8+ Qd8 40. Qxf7 Nd4 41. Qc4 Qd7 42. h4 Nxb5 43. Qg8+ Kb7 44. h5 Qd2 45. Qg6 Nd4 46. Qe4+ Ka6 47. Bf4 Qd1 48. h6 Ne2 49. Qe3 Qc2 50. Qd2 Qc4 51. h7 1-0

[Event "Orense op 9th"]
[Site "Orense"]
[Date "2000.07.12"]
[Round "5"]
[White "Villar Nieves, Antonio"]
[Black "Kuntz, Pierre"]
[Result "0-1"]
[WhiteElo "2065"]
[BlackElo "2201"]
[PlyCount "86"]
[EventDate "2000.07.08"]
[EventType "swiss"]
[EventRounds "9"]
[EventCountry "ESP"]
[SourceTitle "EXT 2001"]
[Source "ChessBase"]
[SourceDate "2000.11.22"]
[SourceVersion "1"]
[SourceVersionDate "2000.11.22"]
[SourceQuality "1"]

1. e4 d5 2. exd5 Nf6 3. d4 Nxd5 4. h3 g6 5. c4 Nb6 6. Nf3 Bg7 7. Nc3 0-0 8. Be2 c5 9. dxc5 Qxd1+ 10. Nxd1 Na4 11. 0-0 Nc6 12. a3 Nxc5 13. Ra2 Nb3 14. Be3 Bf5 15. Nc3 Rfd8 16. Bd1 Nca5 17. Re1 Be6 18. Bg5 Bxc4 19. Bxe7 Rd7 20. Bb4 Rad8 21. Bc2 Nc6 22. Bxb3 Bxb3 23. Raa1 b6 24. Ne4 f5 25. Neg5 Rd1 26. Raxd1 Rxd1 27. Rxd1 Bxd1 28. Bc3 Bxc3 29. bxc3 h6 30. Ne6 Bxf3 31. gxf3 Kf7 32. Nc7 Ke7 33. Kf1 Kd6 34. Nb5+ Kc5 35. a4 Kc4 36. Ke2 Kb3 37. Nd6 Kxc3 38. Nf7 a6 39. Nxh6 b5 40. axb5 axb5 41. h4 Nd4+ 42. Kd1 b4 43. Kc1 b3 0-1

[Event "FRA-chT2S 9798"]
[Site "France"]
[Date "1998.??.??"]
[Round "7"]
[White "Dubois, Martine"]
[Black "Kuntz, Pierre"]
[Result "1-0"]
[WhiteElo "2030"]
[BlackElo "2200"]
[PlyCount "160"]
[EventDate "1997.??.??"]
[EventType "team"]
[EventRounds "9"]
[EventCountry "FRA"]
[SourceTitle "EXT 2003"]
[Source "ChessBase"]
[SourceDate "2002.11.25"]
[SourceVersion "1"]
[SourceVersionDate "2002.11.25"]
[SourceQuality "1"]

1. e4 c5 2. c3 Nf6 3. e5 Nd5 4. d4 cxd4 5. Nf3 e6 6. cxd4 b6 7. Bd3 Ba6 8. 0-0 Qc8 9. a3 Be7 10. Re1 Bxd3 11. Qxd3 h6 12. Nc3 Nxc3 13. bxc3 Nc6 14. d5 exd5 15. Qxd5 Na5 16. Nd4 Qb7 17. Qa2 0-0 18. Nf5 Bc5 19. Qc2 Qc6 20. Re4 Rae8 21. Rg4 Rxe5 22. Bf4 Qe4 23. Qxe4 Rxe4 24. Rxg7+ Kh8 25. Bxh6 Rfe8 26. Rf1 Nc6 27. Rxf7 Ne5 28. Bg7+ Kg8 29. Nh6+ Kh7 30. Bxe5+ Kxh6 31. Bg7+ Kg6 32. Rxd7 Ra4 33. Bd4 Rxa3 34. Rg7+ Kh6 35. Rg3 Bxd4 36. cxd4 Ra2 37. Rc1 Rd2 38. Rc6+ Kh7 39. Rc7+ Kh8 40. Rh3+ Kg8 41. Rg3+ Kh8 42. h3 Rxd4 43. Rxa7 Re1+ 44. Kh2 Rf4 45. Re3 Rxe3 46. fxe3 Re4 47. Rb7 Rb4 48. Kg3 Rb2 49. Kf3 b5 50. h4 b4 51. h5 b3 52. g4 Rb1 53. Kf4 b2 54. Kg5 Re1 55. Rxb2 Rxe3 56. Kg6 Re6+ 57. Kf5 Ra6 58. Rb5 Kg7 59. g5 Ra7 60. h6+ Kh7 61. Kg4 Kg8 62. Rb6 Kh7 63. Kh5 Ra5 64. Rb7+ Kg8 65. Rg7+ Kh8 66. Rf7 Kg8 67. Rf6 Kh7 68. Re6 Rb5 69. Re7+ Kg8 70. Kg6 Rb6+ 71. Kf5 Ra6 72. g6 Ra5+ 73. Kf6 Ra6+ 74. Re6 Ra8 75. Rd6 Re8 76. Rd7 Kh8 77. Rf7 Ra8 78. Rd7 Re8 79. Kf7 Rf8+ 80. Ke7 Rf7+ 1-0

[Event "Cannes op-B 18th"]
[Site "Cannes"]
[Date "1997.??.??"]
[Round "6"]
[White "Fucak, Emilijo"]
[Black "Kuntz, Pierre"]
[Result "1-0"]
[WhiteElo "2310"]
[BlackElo "2215"]
[PlyCount "69"]
[EventDate "1997.02.22"]
[EventType "swiss"]
[EventRounds "9"]
[EventCountry "FRA"]
[SourceTitle "CBM 057 Extra"]
[Source "ChessBase"]
[SourceDate "1997.05.01"]
[SourceVersion "1"]
[SourceVersionDate "1997.05.01"]
[SourceQuality "1"]

1. c4 e5 2. g3 g6 3. Bg2 Bg7 4. Nc3 Ne7 5. d3 c6 6. e4 d6 7. Be3 a6 8. Qd2 b5 9. Bh6 Bxh6 10. Qxh6 Ng8 11. Qd2 b4 12. Nd1 c5 13. f4 f6 14. Ne3 Nc6 15. Ne2 Nge7 16. 0-0 0-0 17. f5 g5 18. h4 h6 19. hxg5 hxg5 20. Kf2 Kg7 21. Rh1 Bd7 22. Ng4 Rh8 23. Rxh8 Qxh8 24. Rh1 Qf8 25. Rh6 Ng8 26. Rxf6 Nxf6 27. Qxg5+ Kf7 28. Nxf6 Ra7 29. Bh3 Nb8 30. Bg4 Qh8 31. Bh5+ Kf8 32. Nh7+ Qxh7 33. Qd8+ Kg7 34. f6+ Kh6 35. f7 1-0

[Event "Cannes Martinez op"]
[Site "Cannes"]
[Date "1996.??.??"]
[Round "5"]
[White "Derieux, Christian"]
[Black "Kuntz, Pierre"]
[Result "1-0"]
[WhiteElo "2145"]
[BlackElo "2215"]
[PlyCount "99"]
[EventDate "1996.08.??"]
[EventType "swiss"]
[EventRounds "9"]
[EventCountry "FRA"]
[SourceTitle "EXT 1998"]
[Source "ChessBase"]
[SourceDate "1997.11.17"]
[SourceVersion "1"]
[SourceVersionDate "1997.11.17"]
[SourceQuality "1"]

1. d4 Nf6 2. c4 c5 3. d5 b5 4. cxb5 a6 5. bxa6 e6 6. Nc3 Nxd5 7. Nxd5 exd5 8. Qxd5 Nc6 9. e4 Be7 10. Nf3 Bxa6 11. Bxa6 Qa5+ 12. Bd2 Qxa6 13. Ne5 0-0 14. Nc4 Bf6 15. 0-0 Ne7 16. Qd3 d5 17. exd5 Nxd5 18. Qxd5 Rfd8 19. Qxc5 Rac8 20. Qa5 Qxc4 21. Rac1 Qe4 22. Rxc8 Rxc8 23. Bc3 Bxc3 24. bxc3 h6 25. h3 Ra8 26. Qb4 Qc2 27. Ra1 Ra4 28. Qb8+ Kh7 29. Qb1 Qxb1+ 30. Rxb1 Rxa2 31. Rc1 Kg6 32. g3 Kf5 33. Kg2 g5 34. Kf3 h5 35. g4+ hxg4+ 36. hxg4+ Ke5 37. Re1+ Kd5 38. Rd1+ Ke5 39. Re1+ Kd5 40. c4+ Kd6 41. Re2 Ra4 42. Rc2 Ke5 43. c5 Ra7 44. c6 Rc7 45. Ke3 f6 46. f3 Re7 47. f4+ gxf4+ 48. Kf3 Rc7 49. Rc1 Ke6 50. Kxf4 1-0

[Event "Monaco tt"]
[Site "Monte Carlo"]
[Date "1996.??.??"]
[Round "5"]
[White "Gallego, Ruben"]
[Black "Kuntz, Pierre"]
[Result "1/2-1/2"]
[WhiteElo "2255"]
[BlackElo "2215"]
[PlyCount "46"]
[EventDate "1996.??.??"]
[EventType "team"]
[EventRounds "6"]
[EventCountry "MNC"]
[SourceTitle "EXT 1998"]
[Source "ChessBase"]
[SourceDate "1997.11.17"]
[SourceVersion "1"]
[SourceVersionDate "1997.11.17"]
[SourceQuality "1"]

1. e4 d5 2. exd5 Nf6 3. d4 Nxd5 4. Nf3 g6 5. Be2 Bg7 6. 0-0 0-0 7. c4 Nb6 8. h3 c5 9. Be3 Nc6 10. d5 Bxb2 11. Nbd2 Nd4 12. Rb1 Nxe2+ 13. Qxe2 Bg7 14. Bxc5 Re8 15. Rb3 e6 16. d6 Nd7 17. Ba3 b6 18. Ne4 Ba6 19. Rc1 f5 20. Neg5 Nc5 21. Rd1 Nxb3 22. axb3 Bc8 23. Bb2 Bxb2 1/2-1/2

[Event "Cannes Martinez op"]
[Site "Cannes"]
[Date "1996.??.??"]
[Round "2"]
[White "Kuntz, Pierre"]
[Black "Leib, Agripa"]
[Result "1/2-1/2"]
[WhiteElo "2215"]
[BlackElo "2150"]
[PlyCount "88"]
[EventDate "1996.08.??"]
[EventType "swiss"]
[EventRounds "9"]
[EventCountry "FRA"]
[SourceTitle "EXT 1998"]
[Source "ChessBase"]
[SourceDate "1997.11.17"]
[SourceVersion "1"]
[SourceVersionDate "1997.11.17"]
[SourceQuality "1"]

1. e4 c5 2. c3 Nf6 3. e5 Nd5 4. d4 cxd4 5. Nf3 Nc6 6. Bc4 Nb6 7. Bb3 d5 8. exd6 Qxd6 9. 0-0 Be6 10. Na3 Bxb3 11. Qxb3 Qd5 12. Nb5 Rc8 13. Nfxd4 Qxb3 14. axb3 a6 15. Nxc6 Rxc6 16. Nd4 Rc8 17. b4 e6 18. b5 Ra8 19. bxa6 bxa6 20. Be3 Be7 21. Nc6 Bf6 22. Rfd1 0-0 23. Bd4 Rfc8 24. Bxf6 Rxc6 25. Rxa6 gxf6 26. Rxa8+ Nxa8 27. Rd8+ Kg7 28. Rxa8 Rd6 29. Kf1 Rd2 30. b4 Rc2 31. Rc8 Kg6 32. Rc5 e5 33. b5 Rb2 34. c4 Kf5 35. Rc6 Ke4 36. g4 f5 37. gxf5 Kf3 38. Ke1 Rxf2 39. Rh6 Rc2 40. Rxh7 Rxc4 41. Rh3+ Kg4 42. Rb3 Rc7 43. b6 Rb7 44. Ke2 Kxf5 1/2-1/2

[Event "Budapest Spring op 09th"]
[Site "Budapest"]
[Date "1993.??.??"]
[Round "4"]
[White "Van de Oudeweetering, Arthur"]
[Black "Kuntz, Pierre"]
[Result "1-0"]
[WhiteElo "2335"]
[BlackElo "2215"]
[PlyCount "35"]
[EventDate "1993.03.??"]
[EventType "swiss"]
[EventRounds "9"]
[EventCountry "HUN"]
[SourceTitle "EXT 1998"]
[Source "ChessBase"]
[SourceDate "1997.11.17"]
[SourceVersion "1"]
[SourceVersionDate "1997.11.17"]
[SourceQuality "1"]

1. e4 d5 2. exd5 Nf6 3. d4 Nxd5 4. Nf3 g6 5. h3 Bg7 6. Be2 0-0 7. 0-0 Nc6 8. Bb5 Bd7 9. Re1 Re8 10. c3 h6 11. Nbd2 Nb6 12. a4 a6 13. Bf1 e5 14. a5 Nd5 15. dxe5 Bc8 16. Nc4 b5 17. axb6 cxb6 18. Nd6 1-0

[Event "Cannes Martinez op"]
[Site "Cannes"]
[Date "1992.??.??"]
[Round "?"]
[White "Kuntz, Pierre"]
[Black "Godena, Michele"]
[Result "0-1"]
[WhiteElo "2245"]
[BlackElo "2435"]
[PlyCount "82"]
[EventDate "1992.07.??"]
[EventType "swiss"]
[EventRounds "9"]
[EventCountry "FRA"]
[SourceTitle "EXT 1997"]
[Source "ChessBase"]
[SourceDate "1996.11.15"]
[SourceVersion "1"]
[SourceVersionDate "1996.11.15"]
[SourceQuality "1"]

1. e4 e5 2. Nf3 Nc6 3. d4 exd4 4. Bc4 Nf6 5. 0-0 Nxe4 6. Re1 d5 7. Bxd5 Qxd5 8. Nc3 Qh5 9. Nxe4 Be6 10. Bg5 h6 11. Bf6 Qg6 12. Nh4 Qh7 13. Qh5 Kd7 14. Qb5 a6 15. Qd3 Re8 16. Bxd4 Kc8 17. c3 Rd8 18. Qe3 Bd5 19. Nc5 Nxd4 20. cxd4 Bxc5 21. dxc5 Bc6 22. Qc3 Rd3 23. Qe5 Kb8 24. Rad1 Re8 25. Qf5 Rxe1+ 26. Rxe1 Qxf5 27. Nxf5 Rd5 28. Ne7 Rxc5 29. Nxc6+ Rxc6 30. Re8+ Ka7 31. h4 Re6 32. Rg8 g6 33. g4 Re4 34. f3 Re2 35. Rg7 Rxb2 36. Rxf7 c5 37. f4 Rxa2 38. g5 hxg5 39. hxg5 c4 40. Rc7 Rc2 41. Rg7 c3 0-1